000050523 001__ 50523
000050523 005__ 20230317221035.0
000050523 0247_ $$2doi$$a10.1088/1742-6596/388/6/062021
000050523 0247_ $$2ISSN$$a1742-6588
000050523 0247_ $$2ISSN$$a1742-6596
000050523 0247_ $$2WOS$$aWOS:000314994700406
000050523 037__ $$aGSI-2013-02147
000050523 041__ $$aEnglish
000050523 082__ $$a530
000050523 1001_ $$0P:(DE-HGF)0$$aHahn, M$$b0$$eCorresponding author
000050523 245__ $$aElectron impact ionization measurements at the Heidelberg heavy ion storage ring TSR
000050523 260__ $$aBristol$$bIOP Publ.$$c2012
000050523 3367_ $$0PUB:(DE-HGF)16$$2PUB:(DE-HGF)$$aJournal Article$$bjournal$$mjournal$$s1365769704_20186
000050523 3367_ $$2DRIVER$$aarticle
000050523 3367_ $$2BibTeX$$aARTICLE
000050523 3367_ $$00$$2EndNote$$aJournal Article
000050523 536__ $$0G:(DE-HGF)POF2-544$$a544 - In-house Research with PNI (POF2-544)$$cPOF2-544$$fPOF II$$x0
000050523 588__ $$aDataset connected to CrossRef, repository.gsi.de
000050523 7001_ $$0P:(DE-HGF)0$$aBernhardt, D$$b1
000050523 7001_ $$0P:(DE-HGF)0$$aGrieser, M$$b2
000050523 7001_ $$0P:(DE-HGF)0$$aKrantz, C$$b3
000050523 7001_ $$0P:(DE-Ds200)OR4470$$aLestinsky, M$$b4$$ugsi
000050523 7001_ $$0P:(DE-HGF)0$$aMüller, A$$b5
000050523 7001_ $$0P:(DE-HGF)0$$aNovotný, O$$b6
000050523 7001_ $$0P:(DE-HGF)0$$aRepnow, R$$b7
000050523 7001_ $$0P:(DE-HGF)0$$aSchippers, S$$b8
000050523 7001_ $$0P:(DE-HGF)0$$aWolf, A$$b9
000050523 7001_ $$0P:(DE-HGF)0$$aSavin, D W$$b10
000050523 773__ $$0PERI:(DE-600)2166409-2$$a10.1088/1742-6596/388/6/062021$$gVol. 388, no. 6, p. 062021 -$$n6$$p062021 -$$tJournal of physics / Conference Series$$v388$$x1742-6596$$y2012
000050523 909CO $$ooai:repository.gsi.de:50523$$pVDB
000050523 9101_ $$0I:(DE-Ds200)20121206GSI$$6P:(DE-Ds200)OR4470$$aGSI Helmholtzzentrum für Schwerionenforschung GmbH$$b4$$kGSI
000050523 9131_ $$0G:(DE-HGF)POF2-544$$1G:(DE-HGF)POF2-540$$2G:(DE-HGF)POF2-500$$3G:(DE-HGF)POF2$$4G:(DE-HGF)POF$$aDE-HGF$$bStruktur der Materie$$lForschung mit Photonen, Neutronen, Ionen$$vIn-house Research with PNI$$x0
000050523 9141_ $$y2012
000050523 915__ $$0StatID:(DE-HGF)0030$$2StatID$$aPeer Review
000050523 915__ $$0StatID:(DE-HGF)0200$$2StatID$$aDBCoverage$$bSCOPUS
000050523 915__ $$0StatID:(DE-HGF)0300$$2StatID$$aDBCoverage$$bMedline
000050523 915__ $$0StatID:(DE-HGF)0420$$2StatID$$aNationallizenz
000050523 915__ $$0StatID:(DE-HGF)0500$$2StatID$$aDBCoverage$$bDOAJ
000050523 920__ $$lyes
000050523 9201_ $$0I:(DE-Ds200)ATP-20051214OR020$$kATP$$lAtomphysik$$x0
000050523 980__ $$ajournal
000050523 980__ $$aVDB
000050523 980__ $$aUNRESTRICTED
000050523 980__ $$aI:(DE-Ds200)20110830OR020
000050523 980__ $$aI:(DE-Ds200)ATP-20051214OR020